000 00665nam a2200253Ia 4500
003 OSt
005 20221005072208.0
006 a|||||r|||| 00| 0
007 ta
008 221004b |||||||| |||| 00| 0 eng d
024 _a78558
037 _cTextual
040 _aCRL
_cCRL
_beng
041 _2eng
_aeng
082 _aI65, L0
100 _aMaheshwari P
_9606992
245 0 _aCedrus
260 _aNew Delhi
_bCouncil of Scientific & Industrial Research India
_c1970
300 _a115p.
_ccm.
650 _aBOTANY
700 _a Biswas Chhaya
_9606993
942 _hI65, L0
_cTEXL
_2cc
999 _c979023
_d979023